[Event "Titled Tuesday intern op 19th Sep Late"]
[Site "Chess.com INT"]
[Date "2023.09.19"]
[Round "7"]
[White "Guzman Moneo, Alberto"]
[Black "Seletsky, Grigory"]
[Result "0-1"]
[WhiteElo "2170"]
[BlackElo "2220"]
[PlyCount "90"]
[EventDate "2023.09.19"]
[EventType "swiss (blitz)"]
[EventRounds "11"]
[EventCountry "USA"]
[SourceTitle "EXT 2024"]
[Source "ChessBase"]
[SourceDate "2023.10.10"]
[SourceVersion "1"]
[SourceVersionDate "2023.10.10"]
[SourceQuality "1"]

1. Nf3 b5 2. e4 Bb7 3. Bxb5 Bxe4 4. 0-0 c6 5. Ba4 Qa5 6. Nc3 Bg6 7. Re1 Nf6 8. Re5 Qc7 9. d4 e6 10. Re1 d5 11. Ne5 Bd6 12. Bg5 Bxe5 13. Rxe5 Nbd7 14. Bxf6 Nxf6 15. b4 0-0 16. Bb3 a5 17. a3 axb4 18. axb4 Rxa1 19. Qxa1 Qb6 20. Na2 Ra8 21. Qb2 h6 22. h3 Be4 23. f3 Nd7 24. Rh5 Bg6 25. Rh4 Qa6 26. Qc3 Qe2 27. Rg4 Ra6 28. Kh2 Nf6 29. Nc1 Nxg4+ 30. hxg4 Qd1 31. Nd3 Bxd3 32. Qxd3 Qxd3 33. cxd3 Ra3 34. Bxd5 cxd5 35. b5 Rb3 36. g5 hxg5 37. f4 gxf4 38. g3 fxg3+ 39. Kh3 Rxd3 40. b6 Rxd4 41. b7 Rb4 42. b8Q+ Rxb8 43. Kh4 g2 44. Kh5 g1Q 45. Kh4 Rb2 0-1

[Event "Titled Tuesday intern op 18th Jul Late"]
[Site "Chess.com INT"]
[Date "2023.07.18"]
[Round "3"]
[White "Xu, Gordon"]
[Black "Guzman Moneo, Alberto"]
[Result "1-0"]
[WhiteElo "1953"]
[BlackElo "2170"]
[PlyCount "147"]
[EventDate "2023.07.18"]
[EventType "swiss (blitz)"]
[EventRounds "11"]
[EventCountry "USA"]
[SourceTitle "EXT 2024"]
[Source "ChessBase"]
[SourceDate "2023.10.10"]
[SourceVersion "1"]
[SourceVersionDate "2023.10.10"]
[SourceQuality "1"]

1. e4 e6 2. d4 d5 3. Nd2 Be7 4. Ngf3 c5 5. Bb5+ Nc6 6. dxc5 Nf6 7. e5 Nd7 8. Bxc6 bxc6 9. b4 a5 10. c3 Ba6 11. Nb3 axb4 12. cxb4 0-0 13. Nbd4 Qc7 14. Bf4 Bc4 15. a3 Qc8 16. Nd2 Ba6 17. Qg4 Kh8 18. f3 f5 19. Qg3 Nb8 20. h4 Rg8 21. h5 Qd7 22. Kf2 Bc8 23. N2b3 Qc7 24. Na5 Bxc5 25. Be3 Bxd4 26. Bxd4 c5 27. Be3 d4 28. Bd2 Nc6 29. Nxc6 Qxc6 30. bxc5 Ba6 31. Rac1 Qb5 32. Rhe1 Rac8 33. Bb4 d3 34. Qf4 Rgd8 35. Qd2 Qc6 36. Kg1 Qd7 37. h6 gxh6 38. Red1 Rg8 39. Qxh6 Qg7 40. Qxg7+ Rxg7 41. Kf2 Bb7 42. Rh1 Bd5 43. Rh2 Rcg8 44. Rd1 Rg6 45. Rxd3 h6 46. a4 Kh7 47. a5 Ra8 48. Rc3 Rg7 49. c6 Rc7 50. Rc5 Rxc6 51. Rxc6 Bxc6 52. Rh1 Bd5 53. Rc1 Rc8 54. Rxc8 Kg6 55. a6 f4 56. a7 Kf5 57. a8Q Bxa8 58. Rxa8 Kxe5 59. Re8 Kf5 60. Bc3 e5 61. Rf8+ Kg6 62. Bxe5 Kh5 63. Rxf4 Kg5 64. Rg4+ Kh5 65. Ra4 Kg5 66. Bf4+ Kh5 67. Bxh6 Kg6 68. g4 Kh7 69. f4 Kg6 70. Kg3 Kh7 71. f5 Kg8 72. Kf4 Kh7 73. g5 Kg8 74. g6 1-0

[Event "Titled Tuesday intern op 11th Jul Late"]
[Site "Chess.com INT"]
[Date "2023.07.11"]
[Round "11"]
[White "Guzman Moneo, Alberto"]
[Black "Fajdetic, Hrvoje"]
[Result "0-1"]
[WhiteElo "2170"]
[BlackElo "2151"]
[PlyCount "134"]
[EventDate "2023.07.11"]
[EventType "swiss (blitz)"]
[EventRounds "11"]
[EventCountry "USA"]
[SourceTitle "EXT 2024"]
[Source "ChessBase"]
[SourceDate "2023.10.10"]
[SourceVersion "1"]
[SourceVersionDate "2023.10.10"]
[SourceQuality "1"]

1. e4 c5 2. Nc3 g6 3. f4 Bg7 4. Nf3 Nc6 5. Bc4 e6 6. d3 Nge7 7. 0-0 d5 8. Bb3 0-0 9. Qe1 Nd4 10. Nxd4 Bxd4+ 11. Kh1 Bg7 12. f5 exf5 13. Nxd5 Nxd5 14. Bxd5 fxe4 15. dxe4 Be6 16. Bxe6 fxe6 17. Rxf8+ Qxf8 18. Be3 Bxb2 19. Rb1 Qg7 20. Bxc5 Rc8 21. Bxa7 Rxc2 22. Be3 Qe5 23. Qh4 Qf6 24. Qxf6 Bxf6 25. a4 Re2 26. Bh6 Rxe4 27. g3 Rxa4 28. Rxb7 Be5 29. Re7 Ra6 30. Kg2 Bf6 31. Re8+ Kf7 32. Rf8+ Ke7 33. Rc8 Kd7 34. Rf8 Ra2+ 35. Kh3 Bd4 36. Rf7+ Kc6 37. Rxh7 Bg1 38. Kg4 Rxh2 39. Rh8 Bd4 40. Rc8+ Kd7 41. Rc4 e5 42. Bg5 Ke6 43. Rc6+ Kd5 44. Rxg6 e4 45. Bf4 e3 46. Rd6+ Ke4 47. Re6+ Kd3 48. Rd6 e2 49. Be5 e1Q 50. Rxd4+ Kc2 51. Rc4+ Kb3 52. Rc3+ Qxc3 53. Bxc3 Kxc3 54. Kf5 Kc4 55. g4 Kd5 56. Kf6 Rf2+ 57. Kg6 Ke6 58. g5 Ke7 59. Kg7 Rf7+ 60. Kg8 Rf5 61. g6 Kf6 62. Kh7 Rh5+ 63. Kg8 Rg5 64. Kh7 Rxg6 65. Kh8 Rg1 66. Kh7 Rg2 67. Kh8 Kf7 0-1

[Event "Titled Tuesday intern op 27th Jun Late"]
[Site "Chess.com INT"]
[Date "2023.06.27"]
[Round "1"]
[White "Goryachkina, Aleksandra"]
[Black "Guzman Moneo, Alberto"]
[Result "1-0"]
[WhiteElo "2557"]
[BlackElo "2170"]
[PlyCount "53"]
[EventDate "2023.06.27"]
[EventType "swiss (blitz)"]
[EventRounds "11"]
[EventCountry "USA"]
[SourceTitle "EXT 2024"]
[Source "ChessBase"]
[SourceDate "2023.10.10"]
[SourceVersion "1"]
[SourceVersionDate "2023.10.10"]
[SourceQuality "1"]

1. e4 e6 2. d4 d5 3. Nd2 dxe4 4. Nxe4 Nd7 5. Nf3 Ngf6 6. Nxf6+ Nxf6 7. g3 c5 8. Bg2 cxd4 9. 0-0 Bc5 10. Bf4 0-0 11. Be5 d3 12. cxd3 Bd7 13. Rc1 Rc8 14. Nd2 b6 15. d4 Be7 16. Qb3 Ng4 17. Bf4 Bg5 18. Rxc8 Bxc8 19. Bxg5 Qxg5 20. Nf3 Qa5 21. h3 Nf6 22. Ne5 Ba6 23. Rc1 Nd5 24. Nc6 Qd2 25. Rd1 Qg5 26. h4 Qh5 27. Bf3 1-0

[Event "Titled Tuesday intern op 20th Jun Late"]
[Site "Chess.com INT"]
[Date "2023.06.20"]
[Round "1"]
[White "Danielyan, Vahe"]
[Black "Guzman Moneo, Alberto"]
[Result "1-0"]
[WhiteElo "2346"]
[BlackElo "2170"]
[PlyCount "73"]
[EventDate "2023.06.20"]
[EventType "swiss (blitz)"]
[EventRounds "11"]
[EventCountry "USA"]
[SourceTitle "EXT 2024"]
[Source "ChessBase"]
[SourceDate "2023.10.10"]
[SourceVersion "1"]
[SourceVersionDate "2023.10.10"]
[SourceQuality "1"]

1. e4 g6 2. Nc3 Bg7 3. d4 d6 4. Be3 a6 5. Qd2 b5 6. 0-0-0 Bb7 7. f3 Nd7 8. h4 h6 9. h5 g5 10. Nge2 c5 11. Ng3 cxd4 12. Bxd4 Ne5 13. Nf5 Bf8 14. Kb1 Rc8 15. Nd5 Bxd5 16. exd5 Nf6 17. a4 Qd7 18. Ne3 Bg7 19. axb5 axb5 20. Qb4 0-0 21. Bxb5 Qb7 22. Nf5 Nxd5 23. Qb3 Nf4 24. g3 Ne6 25. Bxe5 dxe5 26. Rd7 Rc7 27. Nxe7+ Kh8 28. Rxc7 Qxc7 29. Ng6+ fxg6 30. Qxe6 Rb8 31. Bc4 e4 32. Bb3 Qxg3 33. hxg6 Qe5 34. Rxh6+ Bxh6 35. Qxe5+ Bg7 36. Qxb8+ Bf8 37. Qxf8# 1-0

[Event "Titled Tuesday intern op 02nd May Late"]
[Site "Chess.com INT"]
[Date "2023.05.02"]
[Round "5"]
[White "Guzman Moneo, Alberto"]
[Black "Karas, Marek"]
[Result "0-1"]
[WhiteElo "2170"]
[BlackElo "2227"]
[PlyCount "70"]
[EventDate "2023.05.02"]
[EventType "swiss (blitz)"]
[EventRounds "11"]
[EventCountry "USA"]
[SourceTitle "EXT 2024"]
[Source "ChessBase"]
[SourceDate "2023.10.10"]
[SourceVersion "1"]
[SourceVersionDate "2023.10.10"]
[SourceQuality "1"]

1. Nf3 Nf6 2. g3 g6 3. Bg2 Bg7 4. 0-0 0-0 5. c4 d6 6. Nc3 e5 7. d3 Nc6 8. Rb1 a5 9. a3 Bf5 10. b4 axb4 11. axb4 Qc8 12. b5 Ne7 13. c5 Bh3 14. cxd6 cxd6 15. Ne4 Nxe4 16. dxe4 Bxg2 17. Kxg2 Rd8 18. Bg5 f6 19. Qb3+ Kf8 20. Be3 Qd7 21. Rfc1 Rdc8 22. Nd2 Rxc1 23. Rxc1 Rc8 24. Rc4 Qe6 25. Qc2 Rxc4 26. Qxc4 Qxc4 27. Nxc4 d5 28. exd5 Nxd5 29. Nd6 Nxe3+ 30. fxe3 Ke7 31. Nxb7 Kd7 32. Nc5+ Kd6 33. Ne4+ Kd5 34. b6 Kc6 35. b7 Kxb7 0-1

[Event "Titled Tuesday intern op 25th Apr Late"]
[Site "Chess.com INT"]
[Date "2023.04.25"]
[Round "1"]
[White "Nasuta, Grzegorz"]
[Black "Guzman Moneo, Alberto"]
[Result "1-0"]
[WhiteElo "2552"]
[BlackElo "2156"]
[PlyCount "73"]
[EventDate "2023.04.25"]
[EventType "swiss (blitz)"]
[EventRounds "11"]
[EventCountry "USA"]
[SourceTitle "EXT 2024"]
[Source "ChessBase"]
[SourceDate "2023.10.10"]
[SourceVersion "1"]
[SourceVersionDate "2023.10.10"]
[SourceQuality "1"]

1. e4 g6 2. d4 Bg7 3. Nf3 d6 4. Be3 c5 5. c3 Nf6 6. Nbd2 cxd4 7. cxd4 Nc6 8. h3 0-0 9. Be2 Bd7 10. 0-0 Rc8 11. Rc1 a6 12. a3 b5 13. d5 Na5 14. Nd4 Nc4 15. Nxc4 bxc4 16. f3 Nh5 17. Bxc4 Ng3 18. Re1 a5 19. Bf2 Nh5 20. Qd2 Kh8 21. Bf1 Rxc1 22. Rxc1 Qb8 23. b4 axb4 24. axb4 Rc8 25. Nc6 Bxc6 26. dxc6 Be5 27. b5 Bf4 28. Qb2+ e5 29. Rc2 Qa8 30. b6 Rxc6 31. b7 Rxc2 32. bxa8Q+ Rc8 33. Qxc8+ Kg7 34. Qbb8 Kh6 35. Qf8+ Kg5 36. Qbxd6 f6 37. h4# 1-0

[Event "Titled Tuesday intern op 11th Apr Late"]
[Site "Chess.com INT"]
[Date "2023.04.11"]
[Round "1"]
[White "Guzman Moneo, Alberto"]
[Black "Klukin, Kirill"]
[Result "0-1"]
[WhiteElo "2156"]
[BlackElo "2390"]
[PlyCount "84"]
[EventDate "2023.04.11"]
[EventType "swiss (blitz)"]
[EventRounds "11"]
[EventCountry "USA"]
[SourceTitle "CBM 213 Extra"]
[Source "ChessBase"]
[SourceDate "2023.05.31"]
[SourceVersion "1"]
[SourceVersionDate "2023.05.31"]
[SourceQuality "1"]

1. e4 d6 2. d4 f5 3. Nc3 Nf6 4. Bd3 Nc6 5. Nf3 fxe4 6. Nxe4 Bg4 7. c3 e5 8. dxe5 Nxe5 9. Nxf6+ Qxf6 10. Be2 Bxf3 11. Bxf3 Nxf3+ 12. Qxf3 Qxf3 13. gxf3 Be7 14. Be3 0-0 15. Ke2 Rf5 16. Rhg1 Raf8 17. f4 d5 18. Rad1 Bd6 19. Rg4 Kf7 20. a4 Re8 21. Kf3 a6 22. Rg5 Rxg5 23. fxg5 Ke6 24. h4 c6 25. Kg4 g6 26. Bd4 Kf7 27. Be3 Re4+ 28. Kh3 Rxa4 29. b3 Re4 30. c4 Ke6 31. cxd5+ cxd5 32. Rb1 d4 33. Bd2 Kd5 34. b4 Re2 35. Be1 d3 36. Rd1 Kc4 37. Kg4 Rxe1 38. Rxe1 d2 39. Rd1 Kd3 40. Kf3 Bxb4 41. Rh1 a5 42. Kg2 a4 0-1

[Event "Titled Tuesday intern op 11th Apr Late"]
[Site "Chess.com INT"]
[Date "2023.04.11"]
[Round "9"]
[White "Guzman Moneo, Alberto"]
[Black "Vlassov, Nikolai"]
[Result "0-1"]
[WhiteElo "2156"]
[BlackElo "2283"]
[PlyCount "76"]
[EventDate "2023.04.11"]
[EventType "swiss (blitz)"]
[EventRounds "11"]
[EventCountry "USA"]
[SourceTitle "CBM 213 Extra"]
[Source "ChessBase"]
[SourceDate "2023.05.31"]
[SourceVersion "1"]
[SourceVersionDate "2023.05.31"]
[SourceQuality "1"]

1. e4 Nc6 2. d4 d5 3. e5 h5 4. Bb5 Bg4 5. Ne2 e6 6. c3 Qd7 7. Qa4 Nge7 8. Bg5 a6 9. Bxe7 Bxe7 10. Nd2 0-0 11. Bxc6 Qxc6 12. Qxc6 bxc6 13. Nb3 Rfb8 14. Nec1 a5 15. Nd3 a4 16. Nbc1 f6 17. exf6 gxf6 18. a3 Bd6 19. Nb4 c5 20. dxc5 Bxc5 21. Ncd3 Bd6 22. Nc6 Rb6 23. Ndb4 e5 24. Nxd5 Rxc6 25. Nxf6+ Kf7 26. Ne4 Rb8 27. h3 Bf5 28. Ng3 Bg6 29. 0-0 Rxb2 30. Rfe1 Rxc3 31. Ne4 Bxe4 32. Rxe4 Rxa3 33. Rxa3 Bxa3 34. Rxa4 Bc5 35. Re4 Bxf2+ 36. Kh2 Bd4 37. Kg3 c5 38. Kf3 c4 0-1

[Event "Titled Tuesday intern op 11th Apr Late"]
[Site "Chess.com INT"]
[Date "2023.04.11"]
[Round "11"]
[White "Osmonbekov, Talaibek D"]
[Black "Guzman Moneo, Alberto"]
[Result "1-0"]
[WhiteElo "2137"]
[BlackElo "2156"]
[PlyCount "75"]
[EventDate "2023.04.11"]
[EventType "swiss (blitz)"]
[EventRounds "11"]
[EventCountry "USA"]
[SourceTitle "CBM 213 Extra"]
[Source "ChessBase"]
[SourceDate "2023.05.31"]
[SourceVersion "1"]
[SourceVersionDate "2023.05.31"]
[SourceQuality "1"]

1. d4 d5 2. Bf4 c5 3. e3 Nc6 4. Nc3 e6 5. Nb5 e5 6. Bxe5 Nxe5 7. dxe5 a6 8. Nc3 Be6 9. f4 Ne7 10. Nf3 Nf5 11. Qd2 h5 12. 0-0-0 Qa5 13. Kb1 Rd8 14. Bd3 c4 15. Bxf5 Bxf5 16. Nxd5 Qxd2 17. Rxd2 Bc5 18. Rhd1 Rc8 19. Re1 Be4 20. Ng5 Bxd5 21. Rxd5 0-0 22. e4 b5 23. c3 b4 24. e6 bxc3 25. exf7+ Kh8 26. bxc3 g6 27. Kc2 Be7 28. Rd7 Bxg5 29. fxg5 Kg7 30. Rf1 Rc6 31. Kd2 Re6 32. Ke3 a5 33. a4 Rb6 34. Rc7 Rb3 35. Rxc4 Rb2 36. e5 Rxg2 37. e6 Rxg5 38. Re4 1-0

[Event "Titled Tuesday intern op 04th Apr Early"]
[Site "Chess.com INT"]
[Date "2023.04.04"]
[Round "8"]
[White "Bodnaruk, Anastasia"]
[Black "Guzman Moneo, Alberto"]
[Result "1-0"]
[WhiteElo "2350"]
[BlackElo "2156"]
[PlyCount "89"]
[EventDate "2023.04.04"]
[EventType "swiss (blitz)"]
[EventRounds "11"]
[EventCountry "USA"]
[SourceTitle "EXT 2024"]
[Source "ChessBase"]
[SourceDate "2023.10.10"]
[SourceVersion "1"]
[SourceVersionDate "2023.10.10"]
[SourceQuality "1"]

1. e4 c5 2. Nc3 Nc6 3. Bb5 Nd4 4. Bc4 e6 5. Nge2 a6 6. a4 Rb8 7. Nxd4 cxd4 8. Ne2 b5 9. axb5 axb5 10. Bb3 Bc5 11. 0-0 Nf6 12. d3 0-0 13. c3 dxc3 14. bxc3 d5 15. e5 Nd7 16. d4 Be7 17. Nf4 b4 18. Bd2 bxc3 19. Bxc3 Bb4 20. Rc1 Bxc3 21. Rxc3 Ba6 22. Re1 Rb4 23. Bc2 g6 24. Rg3 Qh4 25. Rg4 Qh6 26. h4 Rc8 27. h5 Nf8 28. Bb1 Rcb8 29. Bc2 Bc4 30. Qf3 Bb3 31. Bd3 Rxd4 32. Nxg6 Rxg4 33. Ne7+ Kh8 34. Qxg4 Nd7 35. Re3 Qf8 36. Rg3 Nxe5 37. Qd4 f6 38. Nc6 Nxc6 39. Qc3 Bc4 40. Bc2 Ne5 41. f4 Nd7 42. h6 Qf7 43. Rg7 Qh5 44. Rxh7+ Kg8 45. Qg3+ 1-0

[Event "Titled Tuesday intern op 04th Apr Early"]
[Site "Chess.com INT"]
[Date "2023.04.04"]
[Round "5"]
[White "Fiorito, Joaquin"]
[Black "Guzman Moneo, Alberto"]
[Result "0-1"]
[WhiteElo "2366"]
[BlackElo "2156"]
[PlyCount "128"]
[EventDate "2023.04.04"]
[EventType "swiss (blitz)"]
[EventRounds "11"]
[EventCountry "USA"]
[SourceTitle "EXT 2024"]
[Source "ChessBase"]
[SourceDate "2023.10.10"]
[SourceVersion "1"]
[SourceVersionDate "2023.10.10"]
[SourceQuality "1"]

1. d4 Nf6 2. c4 c5 3. d5 b5 4. cxb5 a6 5. bxa6 g6 6. Nc3 Bxa6 7. Nf3 d6 8. e4 Bxf1 9. Kxf1 Qc8 10. g3 Qh3+ 11. Kg1 h6 12. Qf1 Qxf1+ 13. Kxf1 Bg7 14. Kg2 0-0 15. Re1 Ng4 16. h3 Ne5 17. Nxe5 Bxe5 18. Bxh6 Rc8 19. Bd2 Na6 20. a3 Rcb8 21. Rab1 Rb3 22. Nd1 Rab8 23. Re3 c4 24. Bc3 Nc5 25. Bxe5 dxe5 26. Rc3 Nxe4 27. Rc2 c3 28. Rbc1 cxb2 29. Rb1 Rxa3 30. Rbxb2 Rxb2 31. Rxb2 Nc3 32. Ne3 Ra2 33. Rxa2 Nxa2 34. Kf3 f5 35. Ke2 Kf7 36. Kd3 Kf6 37. Nc2 Nc1+ 38. Kd2 Nb3+ 39. Ke3 Nc5 40. f3 Nb3 41. Kd3 Nc5+ 42. Kc4 Nb7 43. Ne3 Nd6+ 44. Kc5 g5 45. Kc6 e4 46. fxe4 Nxe4 47. g4 f4 48. Nf5 f3 49. Ne3 f2 50. Nf1 Ke5 51. Kd7 Kxd5 52. Kxe7 Ke5 53. Kf7 Kf4 54. Kg6 Ng3 55. Nd2 f1Q 56. Nxf1 Nxf1 57. Kh5 Ng3+ 58. Kh6 Ne4 59. Kh5 Nf6+ 60. Kh6 Nxg4+ 61. hxg4 Kxg4 62. Kg6 Kf4 63. Kh5 g4 64. Kh4 Kf3 0-1